| 000 | 01079nam a22002057a 4500 | ||
|---|---|---|---|
| 005 | 20250903153503.0 | ||
| 010 | _aB-765497-510 HIN-130414 25BACHN25 | ||
| 020 |
_a9789387968738 _c400.00 |
||
| 035 | _aB-765497-510 HN-102760 | ||
| 037 | _bज्ञान गंगा | ||
| 037 | _bDBAD | ||
| 082 | _a808.88 | ||
| 100 |
_aभावना शेखर _984653 |
||
| 245 |
_aएक टीचर की डायरी / _cभावना शेखर |
||
| 260 |
_aनई दिल्ली _bज्ञान गंगा _c2024 |
||
| 270 |
_a2/42,अंसारी रोड़, दरियागंज, _bदिल्ली _e110002 |
||
| 300 |
_a158पृ. _c22cm(सजिल्द) |
||
| 942 |
_2ddc _cHN _mभावना _h808.88 |
||
| 999 |
_c209998 _d209998 |
||